| 000 | 00657nam a2200193 i 4500 | ||
|---|---|---|---|
| 001 | 115921 | ||
| 003 | ES-MaACL | ||
| 005 | 20250928102058.0 | ||
| 007 | t| | ||
| 008 | 061121s1949 sp r ||||1| spa d | ||
| 100 | 1 |
_aPan, Ismael del. _988740 |
|
| 245 | 1 | 0 |
_aDon Ignacio de Bolívar / _cIsmael del Pan Fernández. |
| 260 |
_aMadrid : _b[s.n.], _c1949. |
||
| 300 |
_a6 h. 1 lám. ; _c24 cm. |
||
| 500 | _aEs tirada aparte del Boletín de la Real Sociedad Española de Historia Natural. Tomo Extraordinario 1946. (Págs. 65-75) | ||
| 600 | 1 | 4 |
_aBolívar, Ignacio, _d1850-1944 _929963 |
| 852 |
_aES-MaACL _j1900-F-17 _bR.28849 |
||
| 999 |
_c115921 _d115921 |
||